000 00477nam a2200181Ia 4500
008 131103s9999 xx 000 0 und d
020 _a0-8317-6794-4
040 _aLoreto College
041 _aEnglish
082 _aREF
_bLCBED/10558
245 _aPeoples of the world
_b a history of our time
260 _aNew York
_bGallery books
_c[19?]
300 _a224p
_b pic.
_c 27cm.
504 _aIncludes index
650 _aWorld history
850 _aLCBED/REF
942 _cBK
999 _c31281
_d81760